Obstáculos políticos para el desarrollo económico del Brasil (Registro nro. 16010)

Detalles MARC
000 -LEADER
fixed length control field 00351 a2200109 4500
001 - CONTROL NUMBER
control field ART_2837
005 - DATE AND TIME OF LATEST TRANSACTION
control field 20260410161710.0
008 - FIXED-LENGTH DATA ELEMENTS--GENERAL INFORMATION
fixed length control field 260409a
100 1# - MAIN ENTRY--PERSONAL NAME
Personal name Furtado, Celso
245 10 - TITLE STATEMENT
Title Obstáculos políticos para el desarrollo económico del Brasil
773 0# - HOST ITEM ENTRY
Title Desarrollo económico
Related parts - Vol. 4, Nº 16 (abr./jun. 1965)
Record control number REV1174

No hay ítems disponibles.